000 00661nam a22002297a 4500
008 130629b xxu||||| |||| 00| 0 eng d
020 _a81-203-2055-7
040 _aMbstu Library
_dMbstu Library
082 _222
_a004.03 MIC
100 _a
110 _aMicrosoft
245 _aMicrosoft Computer Dictionary
250 _a5th edition
260 _aNew Delhi
_bHall of India Pvt. Ltd.
_c2003
300 _a19 cm
_b637 page
_f03
_g19 cm
600 _aComputer Dictionary
710 _aMicrosoft
270 _aNew Delhi
_bNew Delhi
_dIndia
365 _b451.00
_d451.00
942 _2ddc
_cBK
999 _c540
_d540